Aspects of the computer-based patient record / (Record no. 875)

000 -LEADER
fixed length control field 01417nam a22003617a 4500
001 - CONTROL NUMBER
control field 2488101
003 - CONTROL NUMBER IDENTIFIER
control field OSt
005 - DATE AND TIME OF LATEST TRANSACTION
control field 20210426095407.0
008 - FIXED-LENGTH DATA ELEMENTS--GENERAL INFORMATION
fixed length control field 910916s1992 nyua b 001 0 eng
010 ## - LIBRARY OF CONGRESS CONTROL NUMBER
LC control number 91033021
020 ## - INTERNATIONAL STANDARD BOOK NUMBER
International Standard Book Number 0387977236 (SpringerVerlag New York Berlin Heidelberg : acidfree paper)
020 ## - INTERNATIONAL STANDARD BOOK NUMBER
International Standard Book Number 3540977236 (SpringerVerlag Berlin Heidelberg New York : acidfree paper)
040 ## - CATALOGING SOURCE
Original cataloging agency eng
Transcribing agency DLC
Modifying agency eng
Language of cataloging eng
041 ## - LANGUAGE CODE
Language code of text/sound track or separate title eng
050 00 - LIBRARY OF CONGRESS CALL NUMBER
Classification number R864
Item number .A87 1992
080 ## - UNIVERSAL DECIMAL CLASSIFICATION NUMBER
Universal Decimal Classification number 61
Item number B-18
082 00 - DEWEY DECIMAL CLASSIFICATION NUMBER
Classification number 651.5/04261/0285
Edition number 20
245 00 - TITLE STATEMENT
Title Aspects of the computer-based patient record /
Statement of responsibility, etc. Marion J. Ball, Morris F. Collen, editors.
Remainder of title / by: Springer-Verlag
260 ## - PUBLICATION, DISTRIBUTION, ETC.
Place of publication, distribution, etc. New York :
Name of publisher, distributor, etc. Springer-Verlag,
Date of publication, distribution, etc. c1992.
300 ## - PHYSICAL DESCRIPTION
Extent xxv, 316 p. :
Other physical details ill. ;
Dimensions 25 cm.
490 1# - SERIES STATEMENT
Series statement Computers in health care
504 ## - BIBLIOGRAPHY, ETC. NOTE
Bibliography, etc. note Includes bibliographical references and index.
650 #0 - SUBJECT ADDED ENTRY--TOPICAL TERM
Topical term or geographic name entry element Medical records
General subdivision Data processing.
650 #0 - SUBJECT ADDED ENTRY--TOPICAL TERM
Topical term or geographic name entry element Medicine
9 (RLIN) 69
653 ## - INDEX TERM--UNCONTROLLED
Uncontrolled term მედიცინა
653 ## - INDEX TERM--UNCONTROLLED
Uncontrolled term სამედიცინო ჩანაწერები
700 1# - ADDED ENTRY--PERSONAL NAME
Personal name Ball, Marion J.
700 1# - ADDED ENTRY--PERSONAL NAME
Personal name Collen, Morris F.
Fuller form of name (Morris Frank),
Dates associated with a name 1913-2014.
830 #0 - SERIES ADDED ENTRY--UNIFORM TITLE
Uniform title Computers in health care (New York, N.Y.)
906 ## - LOCAL DATA ELEMENT F, LDF (RLIN)
a 7
b cbc
c orignew
d 1
e ocip
f 19
g y-gencatlg
942 ## - ADDED ENTRY ELEMENTS (KOHA)
Source of classification or shelving scheme
Koha item type Books
Holdings
Withdrawn status Lost status Source of classification or shelving scheme Damaged status Not for loan Permanent location Current location Date acquired Inventory number Total Checkouts Full call number Barcode Date last seen Price effective from Koha item type
          Ken Walker International University Ken Walker International University 12/29/2020 2361   61 B-18 2361 12/29/2020 12/29/2020 Books

Powered by Koha